000 05812cam a22018974i 4500
003 PE-LiUPU
005 20250813165950.0
008 150706s2006 ck a r 000 0 spa d
020 _a9586484343
020 _a9789586484343
035 _a(Sirsi) i9789586484343
040 _aPE-LiUPU
_bspa
_cPE-LiUPU
_erda
049 _aPRUA
082 0 4 _a658.1
_bE92
_221
082 0 4 _a658.1
_bE92 2013
_221
100 1 _aEstupiñán Gaitán, Rodrigo,
_eautor.
245 1 0 _aAdministración de gestión de riesgos E.R.M. y la auditoría interna /
_cRodrigo Estupiñán Gaitán, con la colaboración de Miguel Antonio Cano. [et al.].
264 1 _aBogotá :
_bEcoe Ediciones,
_c2006.
300 _axxiii, 351 páginas :
_bilustraciones ;
_c23 centímetros.
300 _a01 CD-ROM
336 _atext
_2rdacontent
337 _aunmediated
_2rdamedia
338 _avolume
_2rdacarrier
490 0 _aColección textos universitarios. Área contabilidad y finanzas.
500 _aEn la cubierta: "Gobierno corporativo -- Mapa de riesgos -- Comités de auditoría -- Listas y cuestionarios de control -- Normas internacionales de auditoría interna.".
504 _aIncluye bibliografía: páginas [335]-336.
505 0 _aEl control interno (modelo) -- Organización de la auditoria interna -- Enfoque moderno de la auditoría interna -- Los paradigmas en el ejercicio de la auditoría interna en américa latina -- Código de ética -- Normas internacionales de auditoría interna y consejos para la práctica -- El riesgo empresarial -- Administración de riesgo empresarial E.R.M -- El riesgo en el nuevo enfoque de auditoría interna -- La auditoría interna y el (E.R.M.) -- Conocimiento del cliente para la administración del riesgo -- El auditor interno, el administrador en la gestión de riesgos corporativos -- Prácticas del E.R.M. en la auditoría interna -- Mapa de riesgos para uso en la auditoría interna -- Auditoría de cumplimiento por parte del auditor interno -- Detección de operaciones ilícitas por la auditoría interna -- Listas y cuestionarios de control interno para la auditoría interna -- Gobierno corporativo o corporate governance -- Los comités de auditoría y el gobierno corporativo.
526 _aP203
526 _aP200
526 _aSEG65
526 _aSEG64
526 _aSEG63
526 _aSEG62
526 _aSEG61
526 _aSEG60
526 _aSEG59
526 _aSEG58
526 _aSEG57
526 _aSEG56
526 _aSEG55
526 _aSEG54
526 _aSEG53
526 _aSEG52
526 _aSEG51
526 _aSEG50
526 _aSEG49
526 _aSEG48
526 _aSEG47
526 _aSEG46
526 _aSEG24
526 _aSEG23
526 _aSEG22
526 _aSEG21
526 _aSEG20
526 _aSEG19
526 _aSEG18
526 _aSEG17
526 _aSEG16
526 _aSEG14
526 _aSEG13
526 _aSEG12
526 _aSEG11
526 _aSEG10
526 _aSEG09
526 _aSEG06
526 _aSEG05
526 _aSEG04
526 _aSEG03
526 _aSEG02
526 _aSEG68
526 _aSEG66
526 _aSEG45
526 _aSEG25
526 _aSEG01
526 _aP163
526 _aP162
526 _aP161
526 _aP160
526 _aP159
526 _aP158
526 _aP157
526 _aP156
526 _aP155
526 _aP154
526 _aP153
526 _aP152
526 _aP151
526 _aP150
526 _aP149
526 _aP142
526 _aP141
526 _aP140
526 _aP139
526 _aP138
526 _aP137
526 _aP132
526 _aP131
526 _aP130
526 _aP126
526 _aP125
526 _aP124
526 _aP123
526 _aP115
526 _aP122
526 _aP121
526 _aP116
526 _a P114
526 _aP112
526 _aP111
526 _aP104
526 _aP103
526 _aP102
526 _aP101
526 _aP100
526 _aP96
526 _aP95
526 _aP93
526 _aP92
526 _aP91
526 _aP88
526 _aP83
526 _aP82
526 _aP79
526 _aP78
526 _aP75
526 _aP74
526 _aP71
526 _aP69
526 _a P51
526 _aP49
526 _aP48
526 _aP47
526 _aP33
526 _aP31
526 _a P30
526 _aP29
526 _aP27
526 _aP26
526 _aP25
526 _aP24
526 _a P22
526 _aP10
526 _aP09
526 _a P08
526 _aP06
526 _aP05
526 _aP04
526 _aP01
541 _g001-000107;
650 1 4 _aGestión del riesgo.
700 1 _aCano, Miguel Antonio,
_ecolab.
910 _agl
_cjck
_d20131114
942 _2ddc
_cBOOK
949 _a658.1 E92
_wDEWEY
_c1
_i69083
_lCCODEBUL1
_mBUL
_p31.00
_r0
_sY
_tBOOK
_u2015-7-6
_xFCE
_PP08
_o.STAFF. Colección Ciencias Empresariales
949 _a658.1 E92 2013
_wDEWEY
_c1
_iFJ10070
_lCCODEBUJ1
_mBUJ
_p31.00
_r0
_sY
_tBOOK
_u2016-06-06
_xFCE
_PP08
_o.STAFF. Colección General Juliaca
994 _aC0
_bPEPRU
596 _a1 3
999 _a658.1 E92
_wDEWEY
_c56166
_i69083
_d56166
_e2016-6-20
_f2021-11-8
_g5
_lCCODEBUL1
_mBUL
_n2
_p31.00
_r0
_sY
_tBOOK
_u2015-7-6
_xFCE
_PP08
_0COMPRA
_o.STAFF. Colección Ciencias Empresariales
999 _a658.1 E92 2013
_wDEWEY
_c1
_iFJ10070
_d2019-11-11
_e2018-5-15
_f2022-1-31
_g3
_lCCODEBUJ1
_mBUJ
_n2
_p31.00
_q3
_r0
_sY
_tBOOK
_u2016-6-6
_xFCE
_PP04
_0COMPRA
_o.STAFF. Colección General Juliaca
980 _81
_gALBERTO SANCHEZ Responsable de Automatización